01908nam a22002537a 450000500170000000800410001702000180005804000070007604100080008308200170009110000250010824500510013326000610018430000260024536500940027152009930036565000340135865000170139265000270140970000280143694200120146499900190147695201590149520260323145319.0260323b |||||||| |||| 00| 0 eng d a9789385915420 cAL aeng a515.35bKUMD aRakesh Kumar9259045 aDifferential equations and integral transforms aNew DelhibCBC Publishers and Distributors Pvt Ltdc2016 axii,548pbPBc23x15cm 2Information Science and EngineeringaVBI-2645b₹318.75c₹d₹425.00e25%f20-02-2026 aThe book focuses on differential equations and integral transforms which form an essential part of mathematics for undergraduate science and engineering students. Differential equations arise in the modeling of various physical problems in applied mathematics, physics and engineering. An integral transform is an important tool to solve the initial and boundary value problems. The entire content is covered in 12 chapters. The chapters devoted to differential equations deal with the study of the solutions of differential equations and partial differential equations by various methods such as series solutions, Laplace transform method, Charpit’s method, Monge’s methods, etc. The chapters focussing on integral transforms cover Laplace transform and its applications, Fourier series, Fourier tranforms and their applications. The book has been designed according to the UGC unified syllabus to meet the requirements of undergraduate students studying at all Indian universities.  aVariable Coefficients9259046 aODEs9259047 aFourier Series9259048 aKumar, Nagendra9259049 2ddccBK c241040d241040 00102ddc40708ISEaSEbSEd2026-02-20eVidyathri Books, Bengaluru-560076g318.75l0o515.35 KUMDpSE000349r2026-03-23 14:55:59v425.00w2026-02-20yBK